MDQL
is popping MORE tags! Check the
thread
!
Quizzes
Events
Quiz Creation
Community
Videos
Private Events
Remove Ads
Sign In
Join for FREE
Feedback
Dark Mode
Quiz Categories
Sports
Geography
Music
Movies
Television
Just For Fun
Miscellaneous
History
Literature
Language
Science
Gaming
Entertainment
Religion
Holiday
For Kids
Quiz Lab
Recent
Popular Today
Quiz Kudos Today
Editor Picks
Curator Picks
Quizzes by...
Day
Popularity
Type
Ratings
Length
Year
Community
Subscriptions
Recent Discussions
Orange Saloon
Badges
Playlists
Quests
Create
Leaderboards
Showdown
Live 5
Trivia Bingo
Activity
Puzzle Library
Sporcle Events
Private Events
Virtual Trivia
Globe League
Become a Host
Pub Owners
SporcleCon
Opinionation
Our Games
Videos
Blog
Mobile Apps
Partnerships
Remove Ads and Go Orange
Feedback
Geography
Country
Landmarks
City
State
Population
World
Capital
Continent
Flags
Europe
Africa
Asia
South America
North America
Oceania
Border
Canada
United Kingdom
Topography
United States
Geography
Country
Landmarks
City
State
Population
World
Capital
Continent
Flags
Europe
Africa
Asia
South America
North America
Oceania
Border
Canada
United Kingdom
Topography
United States
Random Quiz
Search Sporcle
×
Quiz Lab
Quiz Lab
Geography
City
Type in answers that appear in a list
Type in answers that appear in a list
Classic
Best Score? Go Orange.
Four letter towns Stats
Can you name the Four letter towns and cities of the UK?
By
thecheshirecat
6m
30 Questions
388 Plays
388 Plays
388 Plays
Comments
Comments
Give Quiz Kudos
Give Quiz Kudos
-
- Ratings
hide this ad
More Info
Replay
Link that replays current quiz
Next Quiz
Link to next quiz in quiz playlist
You Got
0%
They Got
Avg Score
31%
Avg Friend Score
Upgrade to see
Score Distribution
Jump to the score distribution portion of the page
Score
0/30
Timer
06:00
0
Plays Today
town or city
% Correct
York
76.3%
Bath
64.7%
Hull
58%
Deal
54.4%
Bury
45.4%
Rhyl
42.3%
Diss
42%
Ryde
41.2%
Ross-on-Wye (sometimes shortened)
40.2%
Hove
39.2%
Bude
38.7%
Sale
38.1%
Wick
36.3%
Oban
34.3%
Looe
34.3%
town or city
% Correct
Leek
33%
Hyde
28.9%
Mold
27.6%
Ware
24.7%
Hale
22.9%
Lymm
16.5%
Lydd
14.7%
Tain
13.1%
Duns
11.6%
Bala
11.3%
Ince
11.1%
Eton
10.8%
Alva
8.5%
Wath
8.2%
Lees
7.7%
Quiz Playlist
Details
Report
Send in Message
Add To Playlist
More Info:
Settlements are only considered if they were incorporated as a Burgh, City, Borough or Urban District before they mucked up local government in 1974.
Classic:
Type in answers that appear in a list
Last Updated: Jan 31, 2022
Quiz Scoreboard
CHALLENGE
Sign Up to Join the Scoreboard
Show All
Scores
Hide
Comments
May contain spoilers
Recently Published
Image Sorting: Flags VI
by Barbecue
Geography
2m
Find the 'City' Movie
by crazypaving
Movies
60s
Colored Red Africa Blitz
by spor1
Geography
45s
More to Explore
Quiz From the Vault
Featured Blog Post
14 Easter Pick-up Lines to Find Eggs With
hide this ad
You Might Also Like...
Tags
City Quiz
England
Scotland
Town
Wales
Today's Top Quizzes in Geography
Browse Geography
hide this ad
Today's Top Quizzes in City
Browse City
Top Contributed Quizzes in Geography
1
Colored Red Europe Blitz I
2
Countries of the World - No Outlines Minefield
3
Colored Red Africa Blitz II
4
Colored Red Europe Blitz II
5
Colored Red Europe Blitz III
6
Colored Red Africa Blitz III
7
Colored Red States Blitz I
8
A Different View: World Oceans
9
Colored Red States Blitz II
10
Lietuvos savivaldybės (Lithuanian Municipalities)
Explore More
Trending Topics
Disney
NBA
Kpop
Harry Potter
Anime
Crossword
Marvel
WWE
The Office
Pokémon
Song
Country
Puzzle
NFL
Soccer
hide this ad
More By:
thecheshirecat
Quiz
Plays
Rating
Category
Featured
Created
Commonest British Railway Network Words
53,629
4.48
Geography
Dec 22, 2010
Most used stations in Northern England 2009
2,451
4.06
Geography
Oct 13, 2010
English towns with more than one station
1,980
4.00
Geography
Oct 13, 2011
Most used Tour de France cols
1,872
4.71
Sports
Sep 7, 2010
English rivers and towns
1,579
3.89
Geography
Nov 1, 2010
Go to Creator's Profile
Score Distribution
Quiz Creator Spotlight
thecheshirecat
Follow
Send a Message
Quizzes Created
-
Created Quiz Play Count
-
More By This Creator
Popular Quizzes Today
1
Colored Red Africa Blitz
2
Find the US States - No Outlines Minefield
3
Find the 'City' Movie
4
5x2 Blitz: Bands
5
The Countries of the World
6
Find the US States
7
Find the Countries of Europe - No Outlines Minefield
8
US States
More Geography Quizzes
Four Letter Capitals & Countries Blitz
Published
Trending Quizzes
Colored Red Europe Blitz I
Colored Red Europe Blitz II
Colored Red Africa Blitz II
Colored Red Europe Blitz III
Colored Red Africa Blitz III
Recently Updated
How Do You Spell That?
pecheneg
Godzilla Movies
pecheneg
Grab Bag: 4-10 Letters
pecheneg
2024 March Madness Bracket
pecheneg
Famous TV Couples
Peacemaker
Champions League XIs: Real Madrid
pecheneg
Largest US Cities 1790-2010
pecheneg
Rides in Walt Disney World
pecheneg
Most Oscar Losses (Acting)
pecheneg
Beyoncé Albums
pecheneg
Trending Topics
Harry Potter
Disney
Crossword
Marvel
Kpop
NBA
Anime
Puzzle
The Office
Country
Song
NFL
WWE
Soccer
Pokémon
Your Account Isn't Verified!
In order to create a playlist on Sporcle, you need to verify the email address you used during registration. Go to your
Sporcle Settings
to finish the process.
Report this User
Report this user for behavior that violates our
Community Guidelines
.
Details:
Send Report
Go to the Sporcle.com Mobile Site →
Comments